000 00318nam a2200121Ia 4500
008 180117s9999 xx 000 0 und d
100 _aby Beth Day Romulo
245 _aAnother Day
260 _c2017
300 _a22-24 pages, 2017 January 22
440 _aPhilippine Panorama
650 _aSUGAR IS REALLY BAD FOR US
999 _c353638
_d353638